| 000 | 00975nam a2200217 a 4500 | ||
|---|---|---|---|
| 001 | 15193 | ||
| 003 | CO-ViMGA | ||
| 008 | 141112s2004 ck r 000 u spa d | ||
| 020 | _a9589400434 | ||
| 040 |
_aCO-ViMGA _bspa _cCO-ViMGA |
||
| 082 | 0 | 4 | _a614 B515 |
| 100 | 1 |
_aBlanco Restrepo, Jorge Humberto; Maya Mejia, Jose Maria _912719 |
|
| 245 | 1 | 0 |
_aSalud Pública : _bTomo 3 |
| 260 |
_aMedellín, _cCib, _c1999 |
||
| 300 | _a146p. | ||
| 490 | _aFundamentos de Salud Pública | ||
| 505 | _aConceptos básicos Historia de la salud pública Políticas internacionales en salud Sistemas nacionales de salud Seguridad social en salud Descentralización en salud Prestación de servicios en la salud pública Programas de salud pública Atención primaria Promoción en salud Participación ciudadana y salud Educación en salud Gerencia de la salud pública ética y salud pública | ||
| 650 | 1 | 4 |
_aSALUD PUBLICA _94185 |
| 650 | 1 | 4 |
_aSERVICIOS DE SALUD _912720 |
| 942 |
_2ddc _cBK |
||
| 999 |
_c25567 _d25567 |
||